000 00582nam a2200181Ia 4500
005 20250326142914.0
008 250326s9999 xx 000 0 und d
037 _aTextbook
040 _aFMSL
_beng
_cFMSL
041 _aeng
_2eng
084 _aX:74 P3
_qFMSL
100 _aAurik J C
_9746857
245 0 _aRebuilding Corporate Genome: Unlocking the Real Value of Your Business
_cAurik J C; Willen R E And Others
260 _aCanada Canada
_bCanada Canada, John Wiley & Sons, Inc.
_c2003
300 _axviii,314
942 _cTB
_hX:74 P3
999 _c1297198
_d1297198